<?xml version="1.0" encoding="UTF-8"?>
<record
    xmlns:xsi="http://www.w3.org/2001/XMLSchema-instance"
    xsi:schemaLocation="http://www.loc.gov/MARC21/slim http://www.loc.gov/standards/marcxml/schema/MARC21slim.xsd"
    xmlns="http://www.loc.gov/MARC21/slim">

  <leader>00581nam a2200157Ia 4500</leader>
  <controlfield tag="008">231221s9999    xx            000 0 und d</controlfield>
  <datafield tag="041" ind1=" " ind2=" ">
    <subfield code="a">English</subfield>
  </datafield>
  <datafield tag="082" ind1=" " ind2=" ">
    <subfield code="a">370.54  NAR;2 R1</subfield>
  </datafield>
  <datafield tag="100" ind1=" " ind2=" ">
    <subfield code="a">Narasimhaachaar, A L</subfield>
  </datafield>
  <datafield tag="245" ind1=" " ind2="0">
    <subfield code="a">Udayonmukha bharathadalli shikhshana, B.Ed, padavi taragatiya hosa patyakramakkanugunavaagi pariskrisalaagide</subfield>
  </datafield>
  <datafield tag="260" ind1=" " ind2=" ">
    <subfield code="c">2006</subfield>
    <subfield code="b">Bharathi Publ.</subfield>
    <subfield code="a">Mysore</subfield>
  </datafield>
  <datafield tag="300" ind1=" " ind2=" ">
    <subfield code="a">378</subfield>
  </datafield>
  <datafield tag="500" ind1=" " ind2=" ">
    <subfield code="a">Transfered to SSM School</subfield>
  </datafield>
  <datafield tag="650" ind1=" " ind2=" ">
    <subfield code="a">Udayonmukha,bharathadalli,shikhshana,,B.Ed,,padavi,taragatiya,hosa,patyakramakkanugunavaagi,pariskrisalaagide</subfield>
  </datafield>
  <datafield tag="942" ind1=" " ind2=" ">
    <subfield code="c">ED</subfield>
  </datafield>
  <datafield tag="999" ind1=" " ind2=" ">
    <subfield code="c">208653</subfield>
    <subfield code="d">208653</subfield>
  </datafield>
  <datafield tag="952" ind1=" " ind2=" ">
    <subfield code="r">2024-01-26 00:00:00</subfield>
    <subfield code="l">0</subfield>
    <subfield code="o">370.54  NAR;2 R1</subfield>
    <subfield code="p">ED2414</subfield>
    <subfield code="v">127.50</subfield>
    <subfield code="w">2024-01-26</subfield>
    <subfield code="y">ED</subfield>
    <subfield code="1">0</subfield>
    <subfield code="4">0</subfield>
    <subfield code="7">0</subfield>
    <subfield code="8">CL</subfield>
    <subfield code="0">0</subfield>
    <subfield code="a">ML</subfield>
    <subfield code="b">ML</subfield>
    <subfield code="c">CL</subfield>
    <subfield code="d">0000-00-00</subfield>
    <subfield code="e">College Book House</subfield>
    <subfield code="g">150.00</subfield>
    <subfield code="E">EDU</subfield>
    <subfield code="K">CBH/A 42</subfield>
    <subfield code="L">11/11/2011</subfield>
    <subfield code="G">RS</subfield>
    <subfield code="F">1</subfield>
    <subfield code="V">22.5</subfield>
    <subfield code="W">15</subfield>
  </datafield>
  <datafield tag="952" ind1=" " ind2=" ">
    <subfield code="r">2024-01-26 00:00:00</subfield>
    <subfield code="l">0</subfield>
    <subfield code="o">370.54  NAR;3</subfield>
    <subfield code="p">ED2415</subfield>
    <subfield code="v">127.50</subfield>
    <subfield code="w">2024-01-26</subfield>
    <subfield code="y">ED</subfield>
    <subfield code="1">0</subfield>
    <subfield code="4">0</subfield>
    <subfield code="7">0</subfield>
    <subfield code="8">CL</subfield>
    <subfield code="0">0</subfield>
    <subfield code="a">ML</subfield>
    <subfield code="b">ML</subfield>
    <subfield code="c">CL</subfield>
    <subfield code="d">0000-00-00</subfield>
    <subfield code="e">College Book House</subfield>
    <subfield code="g">150.00</subfield>
    <subfield code="E">EDU</subfield>
    <subfield code="K">CBH/A 42</subfield>
    <subfield code="L">11/11/2011</subfield>
    <subfield code="G">RS</subfield>
    <subfield code="F">1</subfield>
    <subfield code="V">22.5</subfield>
    <subfield code="W">15</subfield>
  </datafield>
  <datafield tag="952" ind1=" " ind2=" ">
    <subfield code="r">2024-01-26 00:00:00</subfield>
    <subfield code="l">0</subfield>
    <subfield code="o">370.54  NAR;4</subfield>
    <subfield code="p">ED2416</subfield>
    <subfield code="v">127.50</subfield>
    <subfield code="w">2024-01-26</subfield>
    <subfield code="y">ED</subfield>
    <subfield code="1">0</subfield>
    <subfield code="4">0</subfield>
    <subfield code="7">0</subfield>
    <subfield code="8">CL</subfield>
    <subfield code="0">0</subfield>
    <subfield code="a">ML</subfield>
    <subfield code="b">ML</subfield>
    <subfield code="c">CL</subfield>
    <subfield code="d">0000-00-00</subfield>
    <subfield code="e">College Book House</subfield>
    <subfield code="g">150.00</subfield>
    <subfield code="E">EDU</subfield>
    <subfield code="K">CBH/A 42</subfield>
    <subfield code="L">11/11/2011</subfield>
    <subfield code="G">RS</subfield>
    <subfield code="F">1</subfield>
    <subfield code="V">22.5</subfield>
    <subfield code="W">15</subfield>
  </datafield>
  <datafield tag="952" ind1=" " ind2=" ">
    <subfield code="r">2024-01-26 00:00:00</subfield>
    <subfield code="l">0</subfield>
    <subfield code="o">370.54  NAR;5</subfield>
    <subfield code="p">ED2417</subfield>
    <subfield code="v">127.50</subfield>
    <subfield code="w">2024-01-26</subfield>
    <subfield code="y">ED</subfield>
    <subfield code="1">0</subfield>
    <subfield code="4">0</subfield>
    <subfield code="7">0</subfield>
    <subfield code="8">CL</subfield>
    <subfield code="0">0</subfield>
    <subfield code="a">ML</subfield>
    <subfield code="b">ML</subfield>
    <subfield code="c">CL</subfield>
    <subfield code="d">0000-00-00</subfield>
    <subfield code="e">College Book House</subfield>
    <subfield code="g">150.00</subfield>
    <subfield code="E">EDU</subfield>
    <subfield code="K">CBH/A 42</subfield>
    <subfield code="L">11/11/2011</subfield>
    <subfield code="G">RS</subfield>
    <subfield code="F">1</subfield>
    <subfield code="V">22.5</subfield>
    <subfield code="W">15</subfield>
  </datafield>
  <datafield tag="952" ind1=" " ind2=" ">
    <subfield code="r">2024-01-26 00:00:00</subfield>
    <subfield code="l">0</subfield>
    <subfield code="o">370.54  NAR;6</subfield>
    <subfield code="p">ED2418</subfield>
    <subfield code="v">127.50</subfield>
    <subfield code="w">2024-01-26</subfield>
    <subfield code="y">ED</subfield>
    <subfield code="1">0</subfield>
    <subfield code="4">0</subfield>
    <subfield code="7">0</subfield>
    <subfield code="8">CL</subfield>
    <subfield code="0">0</subfield>
    <subfield code="a">ML</subfield>
    <subfield code="b">ML</subfield>
    <subfield code="c">CL</subfield>
    <subfield code="d">0000-00-00</subfield>
    <subfield code="e">College Book House</subfield>
    <subfield code="g">150.00</subfield>
    <subfield code="E">EDU</subfield>
    <subfield code="K">CBH/A 42</subfield>
    <subfield code="L">11/11/2011</subfield>
    <subfield code="G">RS</subfield>
    <subfield code="F">1</subfield>
    <subfield code="V">22.5</subfield>
    <subfield code="W">15</subfield>
  </datafield>
  <datafield tag="952" ind1=" " ind2=" ">
    <subfield code="r">2024-01-26 00:00:00</subfield>
    <subfield code="l">0</subfield>
    <subfield code="o">370.54  NAR;7</subfield>
    <subfield code="p">ED2419</subfield>
    <subfield code="v">127.50</subfield>
    <subfield code="w">2024-01-26</subfield>
    <subfield code="y">ED</subfield>
    <subfield code="1">0</subfield>
    <subfield code="4">0</subfield>
    <subfield code="7">0</subfield>
    <subfield code="8">CL</subfield>
    <subfield code="0">0</subfield>
    <subfield code="a">ML</subfield>
    <subfield code="b">ML</subfield>
    <subfield code="c">CL</subfield>
    <subfield code="d">0000-00-00</subfield>
    <subfield code="e">College Book House</subfield>
    <subfield code="g">150.00</subfield>
    <subfield code="E">EDU</subfield>
    <subfield code="K">CBH/A 42</subfield>
    <subfield code="L">11/11/2011</subfield>
    <subfield code="G">RS</subfield>
    <subfield code="F">1</subfield>
    <subfield code="V">22.5</subfield>
    <subfield code="W">15</subfield>
  </datafield>
</record>
